Statistics for East Asian Football Federation Members

Click here to take the quiz!

General Stats

  • This quiz has been taken 16 times
  • The average score is 8 of 10

Answer Stats

Country% Correct
China
100%
Japan
100%
North Korea
100%
South Korea
100%
Chinese Taipei
92%
Hong Kong
75%
Macau
67%
Mongolia
67%
Northern Mariana Islands
33%
Guam
25%

Score Distribution

Percentile by Number Answered

Percent of People with Each Score

Your Score History

You have not taken this quiz